[Event "Maharashtra State-ch U25"]
[Site "Nasik"]
[Date "2018.08.12"]
[Round "8"]
[White "Kumthekar, Shubham"]
[Black "Pardeshi, Ajay"]
[Result "1/2-1/2"]
[WhiteElo "1795"]
[BlackElo "1682"]
[PlyCount "69"]
[EventDate "2018.08.09"]
[EventType "swiss"]
[EventRounds "9"]
[EventCountry "IND"]
[SourceTitle "CBM 186 Extra"]
[Source "ChessBase"]
[SourceDate "2018.08.24"]
[SourceVersion "1"]
[SourceVersionDate "2018.08.24"]
[SourceQuality "1"]

1. d4 d6 2. c4 e5 3. Nf3 Nd7 4. g3 Ngf6 5. Bg2 Be7 6. Nc3 0-0 7. 0-0 c6 8. e4 Re8 9. Re1 Bf8 10. h3 g6 11. Be3 Qc7 12. Rc1 Bg7 13. Qd2 exd4 14. Nxd4 a6 15. f4 Nc5 16. Bf2 Ne6 17. Rcd1 Nxd4 18. Bxd4 Be6 19. Bf1 Rad8 20. Qf2 c5 21. Be3 Bd7 22. e5 dxe5 23. fxe5 Qxe5 24. Bxc5 Qf5 25. Bb6 Qxf2+ 26. Bxf2 Rxe1 27. Rxe1 Rc8 28. c5 Bc6 29. Bc4 Nd7 30. Re7 Ne5 31. Bf1 Bf6 32. Rc7 Re8 33. Be2 h5 34. a4 Ra8 35. Bf1 1/2-1/2

[Event "Maharashtra State-ch U25"]
[Site "Nasik"]
[Date "2018.08.09"]
[Round "2"]
[White "Kumthekar, Shubham"]
[Black "Deo, Varad"]
[Result "1-0"]
[WhiteElo "1795"]
[BlackElo "1366"]
[PlyCount "75"]
[EventDate "2018.08.09"]
[EventType "swiss"]
[EventRounds "9"]
[EventCountry "IND"]
[SourceTitle "CBM 186 Extra"]
[Source "ChessBase"]
[SourceDate "2018.08.24"]
[SourceVersion "1"]
[SourceVersionDate "2018.08.24"]
[SourceQuality "1"]

1. d4 Nf6 2. c4 e6 3. Nf3 d5 4. g3 Be7 5. Bg2 0-0 6. 0-0 dxc4 7. Qc2 a6 8. a4 Bd7 9. Nbd2 Bc6 10. Nxc4 Nbd7 11. Rd1 Be4 12. Qb3 c5 13. Bg5 h6 14. Bf4 Nd5 15. Bd6 cxd4 16. Bxe7 Qxe7 17. Rxd4 Nc5 18. Qa3 a5 19. Rc1 Bh7 20. Rxd5 exd5 21. Nb6 Rac8 22. Nxc8 Rxc8 23. Nd4 Be4 24. Bh3 Rc7 25. Nb5 Rc6 26. Nd4 Rc7 27. Qe3 Na6 28. f3 Bg6 29. Qxe7 Rxe7 30. Rc8+ Kh7 31. Kf2 Bb1 32. Rc1 Bg6 33. Nb3 b6 34. Rc6 Rb7 35. Bc8 Rc7 36. Rxg6 Kxg6 37. Bxa6 Rc2 38. Bd3+ 1-0

[Event "IND-ch U19 44th"]
[Site "Mumbai"]
[Date "2014.07.10"]
[Round "1"]
[White "Karthikeyan, Murali"]
[Black "Kumthekar, Shubham"]
[Result "1-0"]
[WhiteElo "2477"]
[BlackElo "1776"]
[PlyCount "73"]
[EventDate "2014.07.10"]
[EventType "swiss"]
[EventRounds "11"]
[EventCountry "IND"]
[SourceTitle "EXT 2016"]
[Source "ChessBase"]
[SourceDate "2015.10.08"]
[SourceVersion "1"]
[SourceVersionDate "2015.10.08"]
[SourceQuality "1"]

1. e4 g6 2. Nf3 Bg7 3. Bc4 d6 4. 0-0 Nf6 5. Nc3 0-0 6. d4 Nxe4 7. Nxe4 d5 8. Bd3 dxe4 9. Bxe4 Nd7 10. c3 Nf6 11. Bd3 b6 12. Ne5 Bb7 13. Be2 Nd7 14. Bf3 Bxf3 15. Nxf3 c5 16. Bg5 cxd4 17. Nxd4 Nf6 18. Qf3 Rc8 19. Rad1 Qc7 20. Rfe1 Rfe8 21. h3 a6 22. a4 Qc5 23. Bh4 Qc4 24. Qb7 e5 25. Nf3 Qxa4 26. Ra1 Qc6 27. Qxc6 Rxc6 28. Rxa6 Nd7 29. Rd1 Nc5 30. Ra7 Rce6 31. Ng5 Rf6 32. b4 Ne6 33. Rdd7 Nxg5 34. Bxg5 Rf5 35. Be3 Rb8 36. Rab7 Rxb7 37. Rd8+ 1-0